000 00312nam a22001337a 4500
008 170814b xxu||||| |||| 00| 0 eng d
020 _a9780071778435
041 _aeng
080 _a51
100 _a36
101 _amat
245 _aLINEAR ALGEBRA PRACTICE MAKES PERFECT
_cCLARK.W.D
942 _2udc
_cBK
999 _c23324
_d23324